01116nab a2200193 i 4500001000400000003000400004005001700008008003900025040000800064080002000072100011600092245007500208260001000283500002100293520040400314650003000718700011600748773005800864BPPBPK20160412095747.0140513s2005 pl f |000 0 pol cBPK a633.49:632.3/.4 aKAPSA, Józefa.d2004 - 2007.bPolitechnika Koszalińska - Wydział Mechaniczny,cKatedra Chemii i Agrochemii aChoroby przechowalnicze ziemniaka /cJózefa Kapsa, Patrycja Cieluch. c2005. aDane z autopsji. aW warunkach Polski największe znaczenie mają choroby bulw, które są ściśle związane z sezonem wegetacyjnym - zaraza ziemniaka, sucha zgnilizna, mokra zgnilizna bakteryjna, ospowatość bulw. Choroby przechowalnicze bulw ziemniaka można podzielić na: zgnilizny bulw (zaraza ziemniaka, mokra zgnilizna, sucha zgnilizna) oraz choroby skóry (ospowatość bulw, parch srebrzysty). 0aZiemniaki - technologia.  aCIELUCH, Patrycja - doktorant.bPolitechnika Koszalińska - Wydział Mechaniczny,cKatedra Chemii i Agrochemii iW :tOchrona Roślin. -g2005, R. 50, nr 8, s. 20-23